Crónicas de mi vida / (Record no. 148439)

MARC details
000 -LEADER
campo de control de longitud fija 00683nam a2200217 4500
001 - NÚMERO DE CONTROL
campo de control 148439
003 - IDENTIFICADOR DE NÚMERO DE CONTROL
campo de control ES-MaACL
005 - FECHA Y HORA DE LA ÚLTIMA TRANSACCIÓN
campo de control 20230906202631.0
007 - CAMPO FIJO DE DESCRIPCIÓN FÍSICA--INFORMACIÓN GENERAL
campo de control de longitud fija t|
008 - DATOS DE LONGITUD FIJA--INFORMACIÓN GENERAL
campo de control de longitud fija 070214s1985 sp r ||||1| spa d
100 1# - ENTRADA PRINCIPAL--NOMBRE DE PERSONA
Nombre de persona Stravinsky, Igor.
9 (RLIN) 139612
245 10 - MENCIÓN DEL TÍTULO
Título Crónicas de mi vida /
Mención de responsabilidad, etc. Igor Stravinsky ; traducción, epílogo y notas de Jesús García-Pérez.
260 ## - PUBLICACIÓN, DISTRIBUCIÓN, ETC.
Lugar de publicación, distribución, etc. Barcelona :
Nombre del editor, distribuidor, etc. Nuevo Arte Thor,
Fecha de publicación, distribución, etc. 1985.
300 ## - DESCRIPCIÓN FÍSICA
Extensión 188 p. :
Otras características físicas il. ;
Dimensiones 17 cm.
490 1# - MENCIÓN DE SERIE
Mención de serie El laberinto ;
Designación de volumen o secuencia 17
600 14 - PUNTO DE ACCESO ADICIONAL DE MATERIA--NOMBRE DE PERSONA
Nombre de persona Stravinsky, Igor.
9 (RLIN) 139612
700 1# - ENTRADA AGREGADA--NOMBRE PERSONAL
Nombre de persona García Pérez, Jesús.
9 (RLIN) 187509
830 1# - PUNTO DE ACCESO ADICIONAL DE SERIE-TÍTULO UNIFORME
Título uniforme El laberinto ;
Designación de volumen o secuencia 17
9 (RLIN) 187510
852 ## - LOCALIZACIÓN
Ubicación ES-MaACL
Número de control de estantería L-10365
Holdings
Estatus retirado Estado de pérdida Estado de daño No para préstamo Biblioteca de origen Biblioteca actual Ubicación en estantería Fecha de adquisición Fuente de adquisición Total de préstamos Signatura topográfica completa Código de barras Visto por última vez Precio de reemplazo Tipo de ítem Koha
        Biblioteca del Ateneo de Madrid Biblioteca del Ateneo de Madrid Depósito 2 17/01/2008     L-10365 1154911 23/02/2023 23/02/2023 Libro impreso